| 000 | 03621nkm0a2200577 4500 | ||
|---|---|---|---|
| 001 | RU\NLR\BIBL_A\022783052 | ||
| 005 | 20260426080830.0 | ||
| 035 | _a(NLR Aleph) 022783052 | ||
| 071 | 5 | 0 |
_d7 к. _95000 |
| 090 |
_a13697231 _c13697231 |
||
| 100 | _a20260413d1932 u y0rusy50 ca | ||
| 101 | 0 | _arus | |
| 102 | _aRU | ||
| 116 | _adiybxx zz ae | ||
| 135 | _acrcn 024anaba | ||
| 181 | 0 |
_ab4 _bxb2e |
|
| 182 | 0 | _an | |
| 200 | 1 |
_aТурксиб _h№ 1 _iРабота экскаватора в карьере близ ст. Биже _eпочтовая карточка _fред. Петрейкова |
|
| 203 |
_aИзображение _bнеподвижное _bдвухмерное _bвизуальное _cнепосредственное |
||
| 210 |
_a[Москва] _cИзогиз _d[1932?] _eМосква _g2-я тип. "Правда" |
||
| 215 |
_a1 л. _cглуб. печ. _d14,8х10,3 |
||
| 300 | _aНа адрес. стороне изд. марка: "ОГИЗ Изогиз" - источник сведений о наименовании издателя | ||
| 300 | _aЦенз. разрешение: Уполн. Главлита № Б-15968 | ||
| 300 | _aВ вып. дан.: Изогиз № 3504 ; Способ печ. меццо-тинто ; Зак. 372 | ||
| 325 | _aКопия доступна в Электрон. б-ке РНБ | ||
| 532 | 1 | 2 | _aТурксиб. № 1, Работа экскаватора в карьере близ станции Биже |
| 540 | 1 | _aТуркестано-Сибирская железная дорога | |
| 601 | 0 | 2 |
_aТуркестано-Сибирская железная дорога _jОткрытки _xСтроительство _91832512 _3RU\NLR\AUTH\661120759 |
| 606 | 1 |
_aПочтовые открытки маркированные художественные _yСССР _z1917 - 1941 _92195712 _3RU\NLR\AUTH\6601555037 |
|
| 606 | 1 |
_aФотографические открытки _92151039 _3RU\NLR\AUTH\661600135 |
|
| 606 | 1 |
_aКарьерные экскаваторы _jОткрытки _92329533 _3RU\NLR\AUTH\661393145 |
|
| 617 |
_aСССР _bРСФСР _bКазакская АССР _eБиже, станция |
||
| 686 | 0 | _aЩ153(2)7-489 | |
| 702 | 1 |
_4340 _aПетрейкова _bЕ. М. _cредактор издательства, искусствовед _gЕлизавета Марковна _9141870 _3RU\NLR\AUTH\770141906 |
|
| 711 | 0 | 2 |
_aТуркестано-Сибирская железная дорога _9511862 _3RU\NLR\AUTH\8810007161 |
| 712 | 0 | 2 |
_4650 _aГосударственное издательство изобразительного искусства _9790003 _3RU\NLR\AUTH\8810147764 |
| 712 | 0 | 2 |
_4610 _a"Правда", издательство _bТипография _cМосква _c2 _92705674 _3RU\NLR\AUTH\880641608 |
| 830 | _aДатировка: на адресной стороне штамп, содержащий год поступления в РНБ: "Г.П.Б. в Лнгр. О.Э. 1932 г. Ц Акт №". АЯ ОЭФ | ||
| 852 | 0 | 0 |
_aNLR _bЭ _jОТ63/Т880 _mЭот23132 |
| 852 | 0 | 0 |
_aNLR _bЭ _jОТ63/Т880 _mЭот23133 |
| 856 | 0 | _uhttps://vivaldi.nlr.ru/lo500030081/view | |
| 856 | 1 | _uhttps://vivaldi.nlr.ru/lo500030081/cover | |
| 856 | 2 | _uhttps://vivaldi.nlr.ru/lo500030081/text | |
| 942 | _cVISUAL | ||
| 980 | _aNB | ||
| 981 | 1 | 7 |
_a(17) Изографические материалы _b(17) Открытки |